| 000 | 00472nam a2200181Ia 4500 | ||
|---|---|---|---|
| 001 | 1360 | ||
| 005 | 20260306143722.0 | ||
| 008 | 260306t2016||||xx |||||||||||||| ||spa|| | ||
| 041 | _aESP | ||
| 082 |
_a196.1 _bM58 T. 9 |
||
| 100 |
_aMillán-Puelles, Antonio _eAUT |
||
| 245 | 0 | _aLa libre afirmación de nuestro ser (1994); Ética y realismo (1996) | |
| 260 | _c2016 | ||
| 300 |
_a521 páginas : _c25 cm. |
||
| 650 | _aGEN | ||
| 654 | _aCHU | ||
| 942 |
_cLIB _dJUS _fJUS _2ddc _n |
||
| 999 |
_c1360 _d1360 |
||